000 00533nam a2200217Ia 4500
003 OSt
005 20220928141326.0
006 a|||||r|||| 00| 0
007 ta
008 220927b |||||||| |||| 00| 0 eng d
024 _a14443
037 _cTextual
040 _aSDCL
_cSDCL
_beng
041 _2eng
_aeng
082 _aB3141, M5
100 _aNayfeh Ali Hasan
_9499685
245 0 _aProblems in perturbation.
260 _c1985
942 _hB3141, M5
_cTEXL
_2CC
999 _c816852
_d816852